Biodiversity : (Registro nro. 4983)

Detalles MARC
000 -CABECERA
Campo de control 01152cam a22003014a 4500
005 - FECHA Y HORA DE LA ULTIMA TRANSACCION
Campo de control 20200104041555.0
008 - ELEMENTOS DE LONGITUD FIJA—INFORMACION GENERAL
Campo de control 030520s2004 mauab b 001 0 eng
020 ## - ISBN
ISBN 1405118571 (pbk. : alk. paper)
040 ## - FUENTE DE CATALOGACIÓN
Agencia catalogadora original DLC
Agencia transcriptora DLC
Agencia Modificadora DLC
041 ## - IDIOMA
Código de idioma para texto/pista de sonido o título separado Inglés
042 ## - AUTHENTICATION CODE
Authentication code pcc
082 00 - NUMERO DE CLASIFICACION DECIMAL DEWEY
Número de clasificación 333.95
Número del ítem G256b
100 1# - ASIENTO PRINCIPAL--NOMBRE PERSONAL
Nombre personal Gaston, Kevin J.
245 10 - MENCION DE TITULO
Título Biodiversity :
Parte restante del título an introduction
Mención de responsabilidad Kevin J. Gaston and John I. Spicer.
250 ## - MENCION DE EDICION
Mención de edición 2nd ed.
260 ## - PUBLICACION, DISTRIBUCION, ETC. (PIE DE IMPRENTA)
Lugar de publicación, distribución, etc. Malden, MA :
Nombre del editor, distribuidor, etc. Blackwell Pub.,
Fecha de publicación, distribución, etc. 2004.
300 ## - DESCRIPCION FISICA
Extensión xv, 191 p. :
Otros detalles físicos ilustraciones., mapas ;
Dimensiones 24 cm.
504 ## - NOTA DE BIBLIOGRAFIA, ETC.
Nota de bibliografía Includes bibliographical references (p. [160]-182) and index.
650 #0 - ASIENTO SECUNDARIO DE MATERIA - TERMINO TEMATICO
Término temático o nombre geográfico como elemento de entrada Biodiversity.
650 #0 - ASIENTO SECUNDARIO DE MATERIA - TERMINO TEMATICO
Término temático o nombre geográfico como elemento de entrada especies en peligro
650 #0 - ASIENTO SECUNDARIO DE MATERIA - TERMINO TEMATICO
Subdivisión de forma Identificación
650 #0 - ASIENTO SECUNDARIO DE MATERIA - TERMINO TEMATICO
Término temático o nombre geográfico como elemento de entrada Monitoreo
700 1# - ASIENTO SECUNDARIO - NOMBRE PERSONAL
Nombre personal Spicer, John I.
856 41 - LOCALIZACION Y ACCESO ELECTRONICOS
Especificación de los materiales Table of contents
Identificador Uniforme del Recurso http://www.loc.gov/catdir/toc/ecip044/2003011788.html
906 ## - LOCAL DATA ELEMENT F, LDF (RLIN)
a 7
b cbc
c orignew
d 1
e ecip
f 20
g y-gencatlg
942 ## - ELEMENTOS ADICIONALES (KOHA)
Sistema de clasificación Dewey Decimal Classification
Tipo de ítem Libro
Existencias
Withdrawn status Lost status Sistema de Clasificación Damaged status No para préstamo Colección Fecha publicación (Año) Inventariado Ubicación Permanente Ubicación actual Fecha de adquisición Fuente de Valor Total Checkouts Número topográfico Inventario / Código de Barras Date last seen Ejemplar Price effective from Forma de adquisición Tipo de material
    Dewey Decimal Classification     General 2005 Inventariado 2017 Bogotá Bogotá 19/12/2005 Amazon   LB-333.95 G256b 022643 04/12/2012 Ej. 1 04/12/2012 Compra Libro